LEADER 00834cam0-22003131i-450- 001 990007119700403321 005 20070719123559.0 010 $a0-534-35638-9 035 $a000711970 035 $aFED01000711970 035 $a(Aleph)000711970FED01 035 $a000711970 100 $a20020920d2000----km-y0itay50------ba 101 0 $aeng 102 $aUS 105 $ay-------001yy 200 1 $aMathematics$ea discrete introduction$fEdward R. Scheinerman 210 $aPacific Grove$cBrooks/Cole$dİ2000 215 $a484 p.$d24 cm 610 0 $aMatematica 676 $a510$v21$zita 700 1$aScheinerman,$bEdward R.$0262200 801 0$aIT$bUNINA$gRICA$2UNIMARC 901 $aBK 912 $a990007119700403321 952 $aVI N 119$b37700$fFSPBC 959 $aFSPBC 996 $aMathematics$9702968 997 $aUNINA